<?xml version="1.0" encoding="UTF-8"?>
<collection xmlns="http://www.loc.gov/MARC21/slim">
 <record>
  <leader>02306nam a2200313 a 4500</leader>
  <controlfield tag="001">1/48722</controlfield>
  <controlfield tag="008">190514s1997    gr       b    00010 gre  </controlfield>
  <datafield tag="020" ind1=" " ind2=" ">
   <subfield code="a">9607254465</subfield>
  </datafield>
  <datafield tag="035" ind1=" " ind2=" ">
   <subfield code="l">51720</subfield>
  </datafield>
  <datafield tag="040" ind1=" " ind2=" ">
   <subfield code="a">GR-PeUP</subfield>
  </datafield>
  <datafield tag="082" ind1="0" ind2="0">
   <subfield code="a">709.0214 KOY</subfield>
  </datafield>
  <datafield tag="100" ind1="1" ind2=" ">
   <subfield code="a">Κουρκουτίδου - Νικολαϊδου, Ευτυχία.</subfield>
  </datafield>
  <datafield tag="245" ind1="1" ind2="0">
   <subfield code="a">Περίπατοι στη βυζαντινή Θεσσαλονίκη /</subfield>
   <subfield code="c">Ε. Κουρκουτίδου-Νικολαϊδου, Α. Τούρτα.</subfield>
  </datafield>
  <datafield tag="260" ind1="0" ind2=" ">
   <subfield code="a">Αθήνα :</subfield>
   <subfield code="b">Καπόν,</subfield>
   <subfield code="c">c1997.</subfield>
  </datafield>
  <datafield tag="300" ind1=" " ind2=" ">
   <subfield code="a">223 σ. :</subfield>
   <subfield code="b">εικ. έγχ. ;</subfield>
   <subfield code="c">24 εκ.</subfield>
  </datafield>
  <datafield tag="500" ind1=" " ind2=" ">
   <subfield code="a">Περιεχόμενα: Εισαγωγή -- Τα τείχη και η ακρόπολη -- Ανηφορίζοντας δίπλα στα ανατολικά τείχη -- Γύρω από την πομπική οδό -- Στα δρομάκια της άνω πόλης -- Κατηφορίζοντας προς το λιμάνι του Μεγάλου Κωνσταντίνου -- Στο εμπορικό κέντρο της πόλης -- Γύρω από την αρχαία αγορά -- Από τη Μητρόπολη της Βυζαντινής Θεσσαλονίκης ως το σημερινό μητροπολιτικό ναό -- Επιλογή βιβλιογραφίας.</subfield>
  </datafield>
  <datafield tag="504" ind1=" " ind2=" ">
   <subfield code="a">Περιέχει βιβλιογραφία.</subfield>
  </datafield>
  <datafield tag="650" ind1=" " ind2="4">
   <subfield code="a">Τέχνη, Βυζαντινή</subfield>
   <subfield code="z">Ελλάδα</subfield>
   <subfield code="z">Θεσσαλονίκη.</subfield>
  </datafield>
  <datafield tag="650" ind1=" " ind2="4">
   <subfield code="a">Εκκλησίες</subfield>
   <subfield code="z">Ελλάδα</subfield>
   <subfield code="z">Θεσσαλονίκη.</subfield>
  </datafield>
  <datafield tag="650" ind1=" " ind2="4">
   <subfield code="a">Architecture, Byzantine</subfield>
   <subfield code="z">Greece.</subfield>
  </datafield>
  <datafield tag="650" ind1=" " ind2="4">
   <subfield code="a">Church architecture, Byzantine</subfield>
   <subfield code="z">Greece</subfield>
   <subfield code="z">Thessalonike.</subfield>
  </datafield>
  <datafield tag="651" ind1=" " ind2="4">
   <subfield code="a">Θεσσαλονίκη</subfield>
   <subfield code="x">Μνημεία.</subfield>
  </datafield>
  <datafield tag="651" ind1=" " ind2="4">
   <subfield code="a">Θεσσαλονίκη</subfield>
   <subfield code="x">Περιγραφή και ταξίδια.</subfield>
  </datafield>
  <datafield tag="651" ind1=" " ind2="4">
   <subfield code="a">Θεσσαλονίκη (Ελλάδα)</subfield>
   <subfield code="x">Αρχαιότητες, Βυζαντινές.</subfield>
  </datafield>
  <datafield tag="651" ind1=" " ind2="0">
   <subfield code="a">Thessalonike (Greece)</subfield>
   <subfield code="x">Description and travel.</subfield>
  </datafield>
  <datafield tag="651" ind1=" " ind2="0">
   <subfield code="a">Thessalonike (Greece)</subfield>
   <subfield code="x">Antiquities, Byzantine.</subfield>
  </datafield>
  <datafield tag="700" ind1="1" ind2=" ">
   <subfield code="a">Τούρτα, Αναστασία Γ.</subfield>
  </datafield>
  <datafield tag="852" ind1=" " ind2=" ">
   <subfield code="a">INST</subfield>
   <subfield code="b">UNIPILB</subfield>
   <subfield code="c">MAIN</subfield>
   <subfield code="e">20190514</subfield>
   <subfield code="h">709.0214 KOY</subfield>
   <subfield code="p">00181301</subfield>
   <subfield code="q">00181301</subfield>
   <subfield code="t">LOAN</subfield>
   <subfield code="y">0</subfield>
   <subfield code="4">1</subfield>
  </datafield>
  <datafield tag="852" ind1=" " ind2=" ">
   <subfield code="a">INST</subfield>
   <subfield code="b">UNIPILB</subfield>
   <subfield code="c">MAIN</subfield>
   <subfield code="e">20190514</subfield>
   <subfield code="h">709.0214 KOY</subfield>
   <subfield code="p">00181302</subfield>
   <subfield code="q">00181302</subfield>
   <subfield code="t">LOAN</subfield>
   <subfield code="y">0</subfield>
   <subfield code="4">2</subfield>
  </datafield>
 </record>
</collection>
